Vista normal
Vista MARC
Entrada Personal Name
Número de registros utilizados en: 1
001 - CONTROL NUMBER
- control field: 17663
003 - CONTROL NUMBER IDENTIFIER
- control field: DLC
005 - DATE AND TIME OF LATEST TRANSACTION
- control field: 20251104092500.0
008 - FIXED-LENGTH DATA ELEMENTS
- fixed length control field: 150217n| azannaabn |a aaa c
010 ## - LIBRARY OF CONGRESS CONTROL NUMBER
- LC control number: no2015022402
035 ## - SYSTEM CONTROL NUMBER
- System control number: (OCoLC)oca10091133
040 ## - CATALOGING SOURCE
- Original cataloging agency: ICU
- Language of cataloging: spa
- Description conventions: rda
- Transcribing agency: Mx-PuUPA
- Modifying agency: DLC
- Modifying agency: Mx-PuUPA
046 ## - SPECIAL CODED DATES
- Birth date: 1958
100 1# - HEADING--PERSONAL NAME
- Personal name: Moreno Ramos, Víctor,
- Dates associated with a name: 1958-
370 ## - ASSOCIATED PLACE
- Place of birth: Aguascalientes (México)
- Source of term: naf
372 ## - FIELD OF ACTIVITY
- Field of activity: Educación
- Source of term: lcsh
373 ## - ASSOCIATED GROUP
- Associated group: Universidad Autónoma de Aguascalientes
- Source of term: lcsh
- Start period: 1986
374 ## - OCCUPATION
- Occupation: Educador
- Occupation: Autor
- Occupation: Coordinador
- Source of term: lcsh
375 ## - GENDER
- Gender: hombre
377 ## - ASSOCIATED LANGUAGE
- Language code: spa
400 1# - SEE FROM TRACING--PERSONAL NAME
- Personal name: Ramos, Víctor Moreno,
- Dates associated with a name: 1958-
670 ## - SOURCE DATA FOUND
- Source citation: Moreno Ramos, Victor. Los pilares de la aurora escolar en Aguascalientes, 2013:
- Information found: title page (Víctor Moreno Ramos) front flap (b. Jan. 10, 1958, in the neighborhood of Guadalupe in Aguascalientes; lic. in educational research; master's in education; prof. and researcher, Univ. Aut. de Aguascalientes, since 1986)